[Event "Tournoi Skype 017B"]
[Site "Skype"]
[Date "????.??.??"]
[Round "4.15"]
[White "Talbot, Jacques"]
[Black "Baker, Abi"]
[Result "1-0"]
[WhiteElo "1452"]
[BlackElo "1149"]
[PlyCount "37"]

1. e4 e6 2. d4 d5 3. exd5 Qxd5 4. Bd3 Qxd4 5. Bb5+ Nc6 6. Bxc6+ bxc6 7. Qxd4 c5
8. Qe4 Nf6 9. Qxa8 Kd7 10. Bf4 Be7 11. Qxa7 Nd5 12. Nc3 Nxf4 13. Qa4+ Kd8 14.
Qxf4 f6 15. O-O-O+ Ke8 16. Nb5 Bd8 17. Nxc7+ Bxc7 18. Qxc7 e5 19. Rd8# 1-0

[Event "Tournoi Skype 017B"]
[Site "Skype"]
[Date "????.??.??"]
[Round "4.16"]
[White "Cengiz, Cem"]
[Black "Ramirez Reina, Orlando"]
[Result "0-1"]
[WhiteElo "1391"]
[BlackElo "1442"]
[PlyCount "70"]

1. e4 c5 2. Nf3 Nc6 3. d4 cxd4 4. Nxd4 a6 5. Nc3 d6 6. Bc4 e6 7. O-O Be7 8. Re1
Ne5 9. Bb3 Nf6 10. Bg5 O-O 11. f4 Ned7 12. Nf3 Nc5 13. Bc4 b5 14. Bd3 Qc7 15.
e5 dxe5 16. fxe5 Nd5 17. Nxd5 exd5 18. Bxe7 Qxe7 19. Qe2 Be6 20. Nd4 Nxd3 21.
Qxd3 Rac8 22. Re3 h6 23. c3 Rfe8 24. Rd1 Qc5 25. b4 Qc4 26. Qxc4 Rxc4 27. Nf3
Bg4 28. Rxd5 Bxf3 29. gxf3 Re6 30. Kf2 Rec6 31. Rdd3 Kf8 32. Ke2 Ke7 33. Kd2
Ke6 34. Kc2 g5 35. Rd4 Rxd4 0-1

[Event "Tournoi Skype 017B"]
[Site "Skype"]
[Date "????.??.??"]
[Round "4.18"]
[White "Lemoine, Gerard"]
[Black "Gerbaux, Regis"]
[Result "1/2-1/2"]
[WhiteElo "1202"]
[BlackElo "1311"]
[PlyCount "64"]

1. d4 e5 2. e4 Bd6 3. Nf3 Nc6 4. d5 Nce7 5. c4 Nf6 6. Nc3 Bb4 7. Bd2 Bxc3 8.
Bxc3 Nxe4 9. Bxe5 f6 10. Bf4 d6 11. Bd3 Nc5 12. Bc2 O-O 13. O-O a6 14. b4 Nd7
15. Qb1 g6 16. Bh6 Rf7 17. Re1 Ne5 18. Nd2 Ng4 19. Bf4 Bf5 20. h3 Bxc2 21. Qxc2
Ne5 22. Ne4 Qd7 23. a4 Re8 24. Qc3 Qf5 25. Bh2 Qd7 26. Bxe5 fxe5 27. Re3 Nf5
28. Rf3 h6 29. g4 Nh4 30. Rxf7 Qxf7 31. Qg3 Nf3+ 32. Kf1 Rf8 1/2-1/2

[Event "Tournoi Skype 017B"]
[Site "Skype"]
[Date "????.??.??"]
[Round "4.20"]
[White "Hargez, Dany"]
[Black "Mimouni, Driss"]
[Result "1-0"]
[WhiteElo "1421"]
[BlackElo "1199"]
[PlyCount "29"]

1. e4 e5 2. d4 Nf6 3. Bg5 h6 4. Bh4 a5 5. dxe5 Bb4+ 6. c3 Bc5 7. exf6 gxf6 8.
Nf3 d6 9. Bc4 Qd7 10. O-O Nc6 11. Bxf6 O-O 12. Qd5 Rb8 13. Qh5 b5 14. Qxh6 Re8
15. Qg7# 1-0

[Event "Tournoi Skype 017B"]
[Site "Skype"]
[Date "????.??.??"]
[Round "4.21"]
[White "Porcabeuf, Jean-Marc"]
[Black "Bhandari, Dattatrey"]
[Result "1-0"]
[WhiteElo "1373"]
[BlackElo "1134"]
[PlyCount "49"]

1. d4 d5 2. c4 c6 3. Nc3 e6 4. a3 b6 5. Nf3 Bd6 6. e3 Bb7 7. Bd3 Nd7 8. O-O h6
9. Re1 Rc8 10. e4 Be7 11. e5 c5 12. Bc2 cxd4 13. Nxd4 Nc5 14. b4 Ne4 15. Nxe4
dxe4 16. Bxe4 Bxe4 17. Rxe4 Rxc4 18. Bb2 Qd5 19. Re3 Bg5 20. Re2 Bf4 21. Qa4+
b5 22. Nxb5 Qd7 23. Rd1 Qxd1+ 24. Qxd1 Ne7 25. Nd6+ 1-0

[Event "Tournoi Skype 017B"]
[Site "Skype"]
[Date "????.??.??"]
[Round "4.22"]
[White "Gieschen, Mike"]
[Black "Blaevoet, Rebecca"]
[Result "0-1"]
[WhiteElo "1339"]
[BlackElo "1177"]
[PlyCount "54"]

1. e4 e5 2. Nf3 Nc6 3. c3 Nf6 4. d3 Bc5 5. Bg5 O-O 6. Nbd2 b6 7. d4 exd4 8.
cxd4 Nxd4 9. Nxd4 Bxd4 10. Nf3 Bxb2 11. Bxf6 Qxf6 12. Rb1 Bc3+ 13. Nd2 Re8 14.
Bd3 Bb7 15. Qc2 Re7 16. O-O Rae8 17. Rfe1 Bd4 18. Re2 Re5 19. Qxc7 Rh5 20. Qxb7
Be5 21. Nf3 Qf4 22. Qxd7 Kf8 23. h3 g6 24. Rc1 Re6 25. Qxa7 Qxc1+ 26. Re1 Qf4
27. g3 Qxf3 0-1

[Event "Tournoi Skype 017B"]
[Site "Skype"]
[Date "????.??.??"]
[Round "4.23"]
[White "Douichi, Mohammed"]
[Black "Ruiz Gomez, Luz Alba"]
[Result "0-1"]
[WhiteElo "1172"]
[BlackElo "1328"]
[PlyCount "106"]

1. e4 e5 2. Bc4 Nf6 3. Nf3 Nc6 4. Ng5 d5 5. exd5 Nxd5 6. d3 Be7 7. Nc3 Bxg5 8.
Bxd5 O-O 9. Bxg5 Qxg5 10. O-O Bh3 11. Bf3 Ne7 12. Ne4 Qg6 13. Ng3 Bd7 14. Bxb7
Rab8 15. Qf3 Bg4 16. Qe4 Qxe4 17. Bxe4 Rxb2 18. c4 c5 19. a4 a5 20. Rfe1 f6 21.
h3 Be6 22. Bf3 Ng6 23. Ne4 Rc8 24. Bg4 Bxg4 25. hxg4 Nf4 26. Nd6 Rd8 27. Nb7
Rxb7 28. g3 Nxd3 29. Red1 e4 30. Kg2 Re8 31. f4 Rb2+ 32. Kf1 Rc2 33. Rab1 Rxc4
34. Ke2 Rxa4 35. Rd2 c4 36. Rb7 Ra1 37. Rc2 Rc8 38. Ke3 Re1+ 39. Kd4 Rc1 40.
Ra2 Nc5 41. Re7 Nb3+ 42. Ke3 Ra1 43. Re2 Nc5 44. Rd2 Kf8 45. Rxe4 Nxe4 46. Kxe4
a4 47. Rd4 c3 48. Kf5 c2 49. Rd7 Re8 50. Rc7 c1=Q 51. Rxc1 Rxc1 52. g5 Kf7 53.
g4 Rc5# 0-1

[Event "Tournoi Skype 017B"]
[Site "Skype"]
[Date "????.??.??"]
[Round "4.24"]
[White "Talbot, Jean"]
[Black "Homme, Jim"]
[Result "0-1"]
[WhiteElo "1031"]
[BlackElo "1236"]
[PlyCount "30"]

1. e4 e5 2. Nf3 Nc6 3. Bc4 Nf6 4. d3 Na5 5. Nxe5 Nxc4 6. dxc4 Nxe4 7. Qg4 Nf6
8. Bg5 d6 9. Bxf6 Qxf6 10. Qe4 dxe5 11. O-O Bf5 12. Qxb7 Rd8 13. Qb5+ Bd7 14.
Rd1 Bxb5 15. Nc3 Bxc4 0-1

[Event "Tournoi Skype 017B"]
[Site "Skype"]
[Date "????.??.??"]
[Round "4.27"]
[White "Moumtaz, Abderrahim"]
[Black "Bouffard, Georges"]
[Result "1-0"]
[WhiteElo "1216"]
[BlackElo "1000"]
[PlyCount "91"]

1. d4 e6 2. c4 d5 3. Nc3 c6 4. Nf3 Nd7 5. a4 a6 6. Qc2 Ndf6 7. Bg5 h6 8. Bxf6
Nxf6 9. e3 Bd6 10. Bd3 Qe7 11. O-O Bd7 12. Rac1 O-O-O 13. cxd5 exd5 14. Rfe1
Rde8 15. e4 Qd8 16. e5 Bc7 17. exf6 Rxe1+ 18. Rxe1 Qxf6 19. b4 Kb8 20. Ne5 Bc8
21. b5 b6 22. bxc6 Qd6 23. a5 f6 24. Nf3 Bg4 25. axb6 Bxb6 26. Rb1 Qxc6 27.
Bxa6 Ka7 28. Be2 Kb7 29. Qa4 Ra8 30. Qxc6+ Kxc6 31. Bb5+ Kc7 32. Nxd5+ Kd6 33.
Nxb6 Ra2 34. h3 Bf5 35. Re1 Rb2 36. g4 Be6 37. d5 Rxb5 38. Nc8+ Kd7 39. dxe6+
Kxc8 40. e7 Rb8 41. e8=Q+ Kb7 42. Qb5+ Kc8 43. Rc1+ Kd8 44. Qxb8+ Ke7 45. Re1+
Kf7 46. Qe8# 1-0

[Event "Tournoi Skype 017B"]
[Site "Skype"]
[Date "????.??.??"]
[Round "4.28"]
[White "Farthouat, Catherine"]
[Black "Alverson, Ginny"]
[Result "1-0"]
[WhiteElo "1197"]
[BlackElo "1124"]
[PlyCount "97"]

1. e4 c5 2. Nf3 Nf6 3. Nc3 Nc6 4. Bb5 a6 5. Bxc6 bxc6 6. O-O d6 7. h3 e5 8. d3
Be7 9. Re1 Ng4 10. hxg4 Bxg4 11. a3 O-O 12. b3 f5 13. exf5 Rxf5 14. Re3 Bg5 15.
Re4 Bxc1 16. Rxg4 Bb2 17. Rb1 Bxc3 18. Nh4 Rf6 19. Rc4 Bd4 20. b4 Bxf2+ 21. Kh2
Bxh4 22. Rxh4 Qe8 23. Qg4 Qf7 24. Rh5 g6 25. Rh6 Qg7 26. Qh4 Qh8 27. Kh3 g5 28.
Qh5 g4+ 29. Qxg4+ Qg7 30. Rxf6 Qxg4+ 31. Kxg4 Kg7 32. Rxd6 cxb4 33. Rxb4 c5 34.
Rb7+ Kg8 35. Rbd7 Rf8 36. Rd8 Rxd8 37. Rxd8+ Kg7 38. Rd5 Kg6 39. Rxe5 h5+ 40.
Rxh5 a5 41. Rxc5 a4 42. Rc6+ Kf7 43. Kf5 Ke7 44. Ke5 Ke8 45. Rc7 Kd8 46. Kd6
Ke8 47. Rd7 Kf8 48. c4 Ke8 49. c5 1-0

[Event "Tournoi Skype 017B"]
[Site "Skype"]
[Date "????.??.??"]
[Round "4.29"]
[White "Morin, Claude"]
[Black "Lowery, Mike"]
[Result "0-1"]
[WhiteElo "1037"]
[BlackElo "1369"]
[PlyCount "92"]

1. e4 g6 2. c3 Bg7 3. Bc4 d6 4. h3 Nf6 5. d3 O-O 6. Nf3 c6 7. a3 b5 8. Bb3 Nbd7
9. Bf4 e5 10. Bg5 h6 11. Be3 d5 12. Nbd2 dxe4 13. dxe4 Qc7 14. O-O Rd8 15. Nh4
c5 16. Nxg6 c4 17. Bc2 fxg6 18. b3 cxb3 19. Bxb3+ Kh8 20. Rc1 Qc6 21. Qf3 Rf8
22. h4 Ne8 23. Qg4 Kh7 24. h5 g5 25. Bxg5 hxg5 26. Qxg5 Qf6 27. Qf5+ Qxf5 28.
exf5 Rxf5 29. Bd1 Kh6 30. g4 Rg5 31. f3 Bf8 32. Ne4 Bxa3 33. Rc2 Rg8 34. Rh2
Bb7 35. g5+ Kh7 36. h6 Bxe4 37. fxe4 Rxg5+ 38. Kh1 Rg6 39. Rf7+ Ng7 40. hxg7+
Rh6 41. Bh5 Rg8 42. Rxd7 Rxg7 43. Rd5 Rg5 44. Rd7+ Rg7 45. Rd5 Rf6 46. Rxe5
Rf1# 0-1

[Event "Tournoi Skype 017B"]
[Site "Skype"]
[Date "????.??.??"]
[Round "4.30"]
[White "Guillaume, Mickael"]
[Black "Tu, Harrison"]
[Result "1-0"]
[WhiteElo "1000"]
[BlackElo "1199"]
[PlyCount "23"]

1. e4 e5 2. Bc4 Bd6 3. Nf3 Nf6 4. Ng5 h6 5. Nxf7 Qe7 6. Nxh8 Qf8 7. Ng6 Nxe4 8.
Nxf8 Kxf8 9. O-O Be7 10. Qf3+ Ke8 11. Qf7+ Kd8 12. Qg8+ 1-0

[Event "Tournoi Skype 017B"]
[Site "Skype"]
[Date "????.??.??"]
[Round "4.31"]
[White "Gagnon, Sindy"]
[Black "Marty, Yvette"]
[Result "1-0"]
[WhiteElo "1000"]
[BlackElo "1000"]
[PlyCount "49"]

1. e4 c6 2. Nc3 e5 3. Nf3 d6 4. d4 exd4 5. Nxd4 Nf6 6. Bc4 d5 7. exd5 cxd5 8.
Bb5+ Bd7 9. Bd3 g6 10. O-O Bg7 11. Be3 Nc6 12. Ndb5 O-O 13. Qf3 Re8 14. Bg5 Ne5
15. Qf4 Nxd3 16. cxd3 Re6 17. Nd4 Rd6 18. Qxd6 Qb8 19. Qe7 Qf8 20. Qe5 Ng4 21.
Qxd5 Ne5 22. Rfe1 Nxd3 23. Re4 h6 24. Be7 Kh7 25. Bxf8 1-0

[Event "Tournoi Skype 017B"]
[Site "Skype"]
[Date "????.??.??"]
[Round "5.1"]
[White "Briere, Jean"]
[Black "Rugman, Dan"]
[Result "1-0"]
[WhiteElo "1487"]
[BlackElo "1320"]
[PlyCount "89"]

1. e4 c5 2. Nf3 d6 3. Nc3 a6 4. d4 cxd4 5. Nxd4 Nf6 6. Bd3 e6 7. Bg5 Nbd7 8.
O-O Be7 9. Re1 h6 10. Be3 O-O 11. h3 b5 12. a3 Bb7 13. Qf3 Ne5 14. Qe2 Nxd3 15.
cxd3 e5 16. Nf5 Ne8 17. Nxe7+ Qxe7 18. Qg4 Qf6 19. Ne2 Bc8 20. Qh5 Kh7 21. Nc3
Be6 22. Rad1 Qg6 23. Qxg6+ Kxg6 24. d4 Nc7 25. d5 Bd7 26. Bb6 Rac8 27. Re3 Na8
28. Ba5 f5 29. exf5+ Rxf5 30. Rg3+ Kh7 31. Ne4 Rc2 32. Bc3 Nb6 33. Nxd6 Rfxf2
34. Ne4 Rf4 35. Re3 Bf5 36. Nd6 Rff2 37. Rg3 Nxd5 38. Rxd5 Bd7 39. Rxe5 Bc6 40.
Ne4 Rfe2 41. Re7 Rc1+ 42. Kh2 Bd5 43. Rexg7+ Kh8 44. Rg8+ Kh7 45. R3g7# 1-0

[Event "Tournoi Skype 017B"]
[Site "Skype"]
[Date "????.??.??"]
[Round "5.2"]
[White "De Coninck, Philippe"]
[Black "Farthouat, Titoine"]
[Result "0-1"]
[WhiteElo "1492"]
[BlackElo "1398"]
[PlyCount "78"]

1. e4 c5 2. Nf3 e6 3. d4 cxd4 4. Nxd4 d5 5. exd5 Qxd5 6. Nc3 Qd8 7. Be2 g6 8.
O-O Bg7 9. h3 Nf6 10. Qd2 O-O 11. Nf3 Qxd2 12. Bxd2 b6 13. Rad1 Nbd7 14. Ne4
Bb7 15. Bg5 Rad8 16. Rd6 Nc5 17. Rxd8 Rxd8 18. Rd1 Rxd1+ 19. Bxd1 Ncd7 20.
Nxf6+ Nxf6 21. Bxf6 Bxf6 22. c3 Bxf3 23. Bxf3 Bg5 24. Kf1 a5 25. b3 f5 26. Ke2
e5 27. Bd5+ Kf8 28. Kf3 h5 29. Ke2 Bh6 30. Kd3 Ke7 31. g4 Bc1 32. gxh5 gxh5 33.
Ke2 Kf6 34. Bc6 Kg5 35. f3 Kf4 36. Be8 h4 37. c4 e4 38. fxe4 fxe4 39. Bh5 e3
0-1

[Event "Tournoi Skype 017B"]
[Site "Skype"]
[Date "????.??.??"]
[Round "5.3"]
[White "Bousbia, Amine"]
[Black "Tamditi, Ibrahim"]
[Result "1-0"]
[WhiteElo "1418"]
[BlackElo "1288"]
[PlyCount "35"]

1. f4 Nf6 2. Nf3 e6 3. e3 Be7 4. b3 O-O 5. Bb2 d5 6. Ne5 Nbd7 7. Nc3 Nxe5 8.
fxe5 Nd7 9. d4 c5 10. Bd3 cxd4 11. exd4 f6 12. Qh5 h6 13. O-O fxe5 14. Rxf8+
Qxf8 15. dxe5 Bg5 16. Rf1 Qc5+ 17. Kh1 d4 18. Qe8+ 1-0

[Event "Tournoi Skype 017B"]
[Site "Skype"]
[Date "????.??.??"]
[Round "5.4"]
[White "Sauvaget, Joel"]
[Black "Battaglia, Gabriele"]
[Result "1-0"]
[WhiteElo "1561"]
[BlackElo "1301"]
[PlyCount "73"]

1. d4 d5 2. Nf3 Nf6 3. e3 Bg4 4. Be2 e6 5. h3 Bh5 6. O-O Bd6 7. c3 O-O 8. Nbd2
Re8 9. Re1 Nbd7 10. Qc2 e5 11. dxe5 Nxe5 12. Nxe5 Bxe5 13. Bxh5 Nxh5 14. Nf3
Bf6 15. b3 b5 16. Bb2 a6 17. Rad1 Qe7 18. Rxd5 Rad8 19. Rxh5 g6 20. Rxh7 Kxh7
21. Nd4 Bxd4 22. cxd4 Rc8 23. Qc6 Qd6 24. Qf3 Qe6 25. Rc1 Qf5 26. Qg3 c6 27.
Qh4+ Qh5 28. Qf4 Qf5 29. Qg3 Re4 30. Rc5 Qf6 31. Rc2 Qf5 32. Re2 Re6 33. f3
Qb1+ 34. Kh2 Qxa2 35. d5 cxd5 36. Qh4+ Kg8 37. Qh8# 1-0

[Event "Tournoi Skype 017B"]
[Site "Skype"]
[Date "????.??.??"]
[Round "5.6"]
[White "Rivas, Jonathan"]
[Black "Milanese, Serge"]
[Result "0-1"]
[WhiteElo "1433"]
[BlackElo "1294"]
[PlyCount "46"]

1. e4 e5 2. Nf3 Nc6 3. c3 Nf6 4. d4 d6 5. Bd3 Be7 6. O-O O-O 7. b4 d5 8. exd5
Nxd5 9. b5 Na5 10. Nxe5 b6 11. Qc2 Nf6 12. Bg5 g6 13. Bh6 Re8 14. Nxg6 Qd5 15.
Nxe7+ Rxe7 16. Nd2 Bg4 17. f3 Qh5 18. Bf4 Rae8 19. fxg4 Nxg4 20. Ne4 Kg7 21.
Qe2 f5 22. Be5+ Rxe5 23. dxe5 Qxh2# 0-1

[Event "Tournoi Skype 017B"]
[Site "Skype"]
[Date "????.??.??"]
[Round "5.7"]
[White "Khatanhar, Mohit"]
[Black "Dubois, Real"]
[Result "1-0"]
[WhiteElo "1283"]
[BlackElo "1410"]
[PlyCount "131"]

1. e4 e5 2. Nf3 d6 3. Bc4 Be7 4. Nc3 Nf6 5. h3 O-O 6. O-O Bd7 7. d3 Nc6 8. Be3
a6 9. Bd5 b5 10. a3 Rb8 11. b4 Qc8 12. Nh2 a5 13. Qf3 axb4 14. Bxc6 bxc3 15.
Bxd7 Qxd7 16. Qg3 g6 17. f4 Nh5 18. Qf3 exf4 19. Bxf4 Qe6 20. Bh6 Rfe8 21. Be3
Bf8 22. Bd4 Bg7 23. Bxg7 Nxg7 24. Rf2 c6 25. Ng4 Nh5 26. Raf1 Rb7 27. Nh6+ Kg7
28. Nxf7 Rxf7 29. Qxf7+ Qxf7 30. Rxf7+ Kh6 31. Rd7 Re6 32. Rff7 Nf6 33. Rde7
Rxe7 34. Rxe7 Kg5 35. Kf2 h5 36. g3 d5 37. exd5 Nxd5 38. Re6 Kf5 39. Rxc6 Ke5
40. Rc5 Kd4 41. Rxb5 Nf4 42. h4 Nd5 43. a4 Ne3 44. Rb8 Nxc2 45. Rc8 Kxd3 46. a5
Nb4 47. Rd8+ Kc2 48. Rg8 Kb3 49. Rc8 c2 50. Rxc2 Kxc2 51. a6 Nxa6 52. Kf3 Nc5
53. Kf4 Nd3+ 54. Kg5 Ne5 55. Kf6 Ng4+ 56. Kxg6 Kd2 57. Kxh5 Nf6+ 58. Kg5 Ne4+
59. Kf4 Nxg3 60. Kxg3 Ke3 61. Kg4 Ke4 62. Kg5 Ke5 63. Kg6 Ke6 64. h5 Ke7 65.
Kg7 Ke8 66. h6 1-0

[Event "Tournoi Skype 017B"]
[Site "Skype"]
[Date "????.??.??"]
[Round "5.9"]
[White "Talbot, Jacques"]
[Black "Bustos, Ricardo"]
[Result "1-0"]
[WhiteElo "1452"]
[BlackElo "1239"]
[PlyCount "75"]

1. e4 c5 2. Nf3 d6 3. d4 cxd4 4. Nxd4 Nf6 5. Nc3 a6 6. Bg5 e6 7. Bd3 Be7 8. O-O
O-O 9. Re1 e5 10. Nf3 Nc6 11. h3 h6 12. Be3 Nb4 13. Be2 Nc6 14. Qd2 b5 15. a3
Bb7 16. Rad1 Re8 17. Nh2 a5 18. Nxb5 Rb8 19. f3 Ba6 20. Nxd6 Bxd6 21. Qxd6 Qxd6
22. Rxd6 Bxe2 23. Rxe2 Re6 24. Rxe6 fxe6 25. b3 Nd4 26. Bxd4 exd4 27. Rd2 e5
28. Nf1 g5 29. Ng3 Kg7 30. Ne2 Rd8 31. c3 d3 32. Nc1 Rb8 33. b4 axb4 34. axb4
Rd8 35. Rxd3 Rxd3 36. Nxd3 Nd7 37. c4 Kf6 38. c5 1-0

[Event "Tournoi Skype 017B"]
[Site "Skype"]
[Date "????.??.??"]
[Round "5.10"]
[White "Ramirez Reina, Orlando"]
[Black "Vello, Pablo"]
[Result "1-0"]
[WhiteElo "1442"]
[BlackElo "1361"]
[PlyCount "51"]

1. e4 c5 2. Nf3 d6 3. d4 cxd4 4. Nxd4 Nf6 5. Nc3 Nc6 6. Be2 g6 7. O-O Bg7 8.
Be3 O-O 9. f4 Bd7 10. Kh1 Rc8 11. g4 h6 12. g5 hxg5 13. fxg5 Nh7 14. a3 Nxd4
15. Bxd4 Nxg5 16. Bxg7 Kxg7 17. Qd4+ e5 18. Qd3 Bc6 19. Nd5 Bxd5 20. exd5 Rh8
21. c4 Qb6 22. b4 e4 23. Qg3 Rh5 24. Qc3+ Kf8 25. Bxh5 gxh5 26. Qh8+ 1-0

[Event "Tournoi Skype 017B"]
[Site "Skype"]
[Date "????.??.??"]
[Round "5.11"]
[White "Kruzeniski, Randy"]
[Black "Picard, Mario"]
[Result "1-0"]
[WhiteElo "1456"]
[BlackElo "1350"]
[PlyCount "73"]

1. d4 d5 2. Nf3 Nc6 3. e3 Nf6 4. a3 e6 5. Bd3 Be7 6. O-O O-O 7. c4 b6 8. Nc3
Ba6 9. b3 Re8 10. Bb2 Qd7 11. Qe2 Rad8 12. cxd5 exd5 13. Bxa6 Bd6 14. Nb5 Bf8
15. b4 g6 16. Ne5 Nxe5 17. dxe5 Ng4 18. f4 c5 19. Nd6 Bxd6 20. Bb5 Qc7 21. Bxe8
Rxe8 22. Qxg4 Be7 23. Rac1 c4 24. Qe2 b5 25. Qd2 Rd8 26. Qd4 Bf8 27. f5 g5 28.
e6 f6 29. Qxf6 Qg7 30. Qxd8 Qxb2 31. e7 Qf6 32. Qxd5+ Kg7 33. e8=Q h5 34. Qdd7+
Kh6 35. Qdf7 Qxf7 36. Qxf7 g4 37. Qg6# 1-0

[Event "Tournoi Skype 017B"]
[Site "Skype"]
[Date "????.??.??"]
[Round "5.13"]
[White "Martin, Jean-Claude"]
[Black "Lequeux, Pierre"]
[Result "1-0"]
[WhiteElo "1455"]
[BlackElo "1243"]
[PlyCount "55"]

1. d4 Nf6 2. c4 d5 3. Nc3 c6 4. Nf3 h6 5. e3 e6 6. Bd3 Bb4 7. Bd2 Bxc3 8. Bxc3
O-O 9. O-O Nbd7 10. Bb4 Re8 11. Qc2 g6 12. Rfe1 b6 13. cxd5 cxd5 14. Bd6 Bb7
15. Rac1 Rc8 16. Qa4 Rxc1 17. Rxc1 Ne4 18. Bc7 Qa8 19. Qxd7 Nf6 20. Qd6 Ne4 21.
Bxe4 dxe4 22. Ne5 Bd5 23. Qd7 Rf8 24. Bd6 Qe8 25. Bxf8 Qxf8 26. Rc8 Bc6 27.
Rxf8+ Kxf8 28. Qxf7# 1-0

[Event "Tournoi Skype 017B"]
[Site "Skype"]
[Date "????.??.??"]
[Round "5.14"]
[White "Homme, Jim"]
[Black "Galani, Mahendra"]
[Result "0-1"]
[WhiteElo "1236"]
[BlackElo "1448"]
[PlyCount "52"]

1. e4 e5 2. Nf3 d6 3. Nc3 c6 4. Be2 h6 5. O-O Qf6 6. d3 Be7 7. Be3 Qg6 8. Nh4
Bxh4 9. Kh1 Na6 10. Nb1 Ne7 11. Nd2 d5 12. Bh5 Qe6 13. Nf3 Bf6 14. exd5 Nxd5
15. c4 Nxe3 16. fxe3 Bd7 17. e4 O-O-O 18. Nd2 g6 19. Bg4 Qe7 20. Bxd7+ Rxd7 21.
Qf3 Bg5 22. Nb3 Qb4 23. Rad1 Nc5 24. Nxc5 Qxc5 25. b3 Qa3 26. Rd2 Bxd2 0-1

[Event "Tournoi Skype 017B"]
[Site "Skype"]
[Date "????.??.??"]
[Round "5.15"]
[White "Sahrane, Juba"]
[Black "Hargez, Dany"]
[Result "1-0"]
[WhiteElo "1222"]
[BlackElo "1421"]
[PlyCount "57"]

1. e4 d5 2. e5 e6 3. d4 Bb4+ 4. c3 Ba5 5. Nf3 Ne7 6. Bd3 O-O 7. O-O Ng6 8. Nbd2
Nd7 9. Qc2 f5 10. Nb3 Bb6 11. Ng5 Qe8 12. c4 c6 13. Bd2 Bd8 14. cxd5 cxd5 15.
Nc5 Nb6 16. Rac1 h6 17. Nf3 Nd7 18. Bb5 Qf7 19. Bb4 Be7 20. Bxd7 Bxd7 21. Nxd7
Rac8 22. Qa4 Rfd8 23. Bxe7 Qxe7 24. Nc5 Nf4 25. Rc2 b6 26. Na6 Rxc2 27. Qxc2
Qb7 28. Qc7 Rc8 29. Qxb7 1-0

[Event "Tournoi Skype 017B"]
[Site "Skype"]
[Date "????.??.??"]
[Round "5.17"]
[White "Kruk, Clementine"]
[Black "Porcabeuf, Jean-Marc"]
[Result "1-0"]
[WhiteElo "1187"]
[BlackElo "1373"]
[PlyCount "45"]

1. e4 e6 2. d4 d5 3. Nc3 c5 4. exd5 exd5 5. dxc5 Bxc5 6. Qxd5 Qe7+ 7. Qe4 Be6
8. Bb5+ Nc6 9. Bxc6+ Kf8 10. Bxb7 Rd8 11. Bd5 Qf6 12. Nf3 Ne7 13. Bg5 Qg6 14.
Bxe7+ Bxe7 15. Bxe6 Qxg2 16. Rg1 Qxg1+ 17. Nxg1 fxe6 18. Qxe6 Ke8 19. Nd5 Rd7
20. O-O-O Rf8 21. Re1 Rf7 22. Nxe7 Rfxe7 23. Qg8# 1-0

[Event "Tournoi Skype 017B"]
[Site "Skype"]
[Date "????.??.??"]
[Round "5.18"]
[White "Lowery, Mike"]
[Black "Moumtaz, Abderrahim"]
[Result "1-0"]
[WhiteElo "1369"]
[BlackElo "1216"]
[PlyCount "67"]

1. d4 d5 2. c4 e6 3. Nc3 Nf6 4. Bf4 Nbd7 5. e3 Bd6 6. Bxd6 cxd6 7. Nf3 e5 8.
cxd5 e4 9. Nd2 O-O 10. Ncxe4 Nxe4 11. Nxe4 Nf6 12. Nxf6+ Qxf6 13. Bd3 Bd7 14.
O-O Qg5 15. g3 Qxd5 16. Qc2 g6 17. Be4 Qb5 18. Qb3 Rab8 19. Qxb5 Bxb5 20. Rfd1
Rfe8 21. Bf3 Bd7 22. Rac1 b5 23. Rc7 Bh3 24. Rxa7 Rbd8 25. Bd5 Be6 26. Bxe6
Rxe6 27. Rc1 Ree8 28. Rcc7 Rf8 29. Rab7 h5 30. Rxb5 d5 31. Rcb7 g5 32. a4 Ra8
33. a5 Rxa5 34. Rxa5 1-0

[Event "Tournoi Skype 017B"]
[Site "Skype"]
[Date "????.??.??"]
[Round "5.19"]
[White "Vervoort, Jean-Louis"]
[Black "Lemoine, Gerard"]
[Result "1-0"]
[WhiteElo "1330"]
[BlackElo "1202"]
[PlyCount "79"]

1. d4 d5 2. c4 c6 3. Nc3 e6 4. Nf3 c5 5. e3 Nc6 6. cxd5 cxd4 7. Nxd4 exd5 8.
Bb5 Bd7 9. O-O Nge7 10. Qf3 Nb4 11. a3 Bxb5 12. Ncxb5 Nd3 13. Rd1 Ne5 14. Qh5
g6 15. Qxe5 Rg8 16. Nc7+ Kd7 17. Nxa8 Bg7 18. Qg5 Qxa8 19. Qg4+ f5 20. Qe2 Re8
21. Qb5+ Kd6 22. b4 b6 23. Bb2 Rc8 24. Rac1 Rc4 25. Rxc4 dxc4 26. Qxc4 Qc8 27.
Ne6+ Nd5 28. Qxc8 Bxb2 29. Nc7 Kc6 30. Nxd5+ Kb5 31. Nc7+ Ka4 32. Qa6+ Kb3 33.
Rd3+ Bc3 34. Nb5 Kc2 35. Rxc3+ Kd1 36. Qa4+ Kd2 37. Qc2+ Ke1 38. Qc1+ Ke2 39.
Qb2+ Kd1 40. Rc1# 1-0

[Event "Tournoi Skype 017B"]
[Site "Skype"]
[Date "????.??.??"]
[Round "5.21"]
[White "Blaevoet, Rebecca"]
[Black "Torres, Vicky"]
[Result "0-1"]
[WhiteElo "1177"]
[BlackElo "1323"]
[PlyCount "52"]

1. e4 c5 2. d3 e5 3. Be3 Nf6 4. Nf3 Nc6 5. Be2 d5 6. O-O dxe4 7. dxe4 Nxe4 8.
Nc3 Nxc3 9. bxc3 Be7 10. Qd2 e4 11. Ne5 Nxe5 12. Bb5+ Bd7 13. Rab1 O-O 14. Rfe1
Qc7 15. Red1 Rad8 16. Bf4 Bxb5 17. Bxe5 Qxe5 18. Rxb5 Rxd2 19. Rxd2 Qxc3 20.
Rd1 Qxc2 21. Rbb1 b6 22. Kf1 g6 23. g4 Bg5 24. Kg2 e3 25. Rbc1 Qxf2+ 26. Kh3
Qf3# 0-1

[Event "Tournoi Skype 017B"]
[Site "Skype"]
[Date "????.??.??"]
[Round "5.23"]
[White "Baker, Abi"]
[Black "Gieschen, Mike"]
[Result "0-1"]
[WhiteElo "1149"]
[BlackElo "1339"]
[PlyCount "80"]

1. c4 e5 2. Nc3 Nf6 3. e4 c6 4. d3 Bb4 5. Bd2 d5 6. a3 Bxc3 7. Bxc3 Nbd7 8. Nf3
Qc7 9. g3 dxe4 10. dxe4 Nxe4 11. Bxe5 Nxe5 12. Nxe5 Qxe5 13. Qe2 O-O 14. Bg2
Re8 15. O-O Nf6 16. Rae1 Qxe2 17. Rxe2 Rxe2 18. b4 Be6 19. c5 Re8 20. h3 Bc4
21. Kh2 Re1 22. Rh1 Rxh1+ 23. Bxh1 Re2 24. Kg1 Ra2 25. Kg2 Rxa3 26. h4 Bd5+ 27.
Kh2 Bxh1 28. Kxh1 Rb3 29. Kg2 Rxb4 30. f4 a5 31. Kf3 a4 32. g4 a3 33. g5 Nd5
34. f5 f6 35. g6 h6 36. Ke2 a2 37. Kd2 a1=Q 38. Kd3 Qa3+ 39. Kd2 Rb2+ 40. Kc1
Qa1# 0-1

[Event "Tournoi Skype 017B"]
[Site "Skype"]
[Date "????.??.??"]
[Round "5.24"]
[White "Mimouni, Driss"]
[Black "Talbot, Jean"]
[Result "0-1"]
[WhiteElo "1199"]
[BlackElo "1031"]
[PlyCount "88"]

1. d4 d5 2. e3 Nf6 3. Nf3 e6 4. Bd3 Bd6 5. O-O O-O 6. Ng5 Re8 7. Bxh7+ Nxh7 8.
Qh5 Qxg5 9. Qh3 e5 10. e4 Bxh3 11. Bxg5 Nxg5 12. gxh3 Nxh3+ 13. Kg2 Nf4+ 14.
Kh1 exd4 15. Nd2 dxe4 16. f3 e3 17. Nc4 Nc6 18. Rae1 e2 19. Rf2 d3 20. cxd3
Nxd3 21. Rff1 exf1=Q+ 22. Rxf1 Re1 23. Nxd6 Rxf1+ 24. Kg2 Rf2+ 25. Kg3 Rd8 26.
Nxb7 Rd4 27. Nc5 f5 28. Nxd3 Rd2 29. Nf4 g5 30. Nh5 f4+ 31. Kg4 Rf2 32. Nf6+
Kg7 33. Ne4 Kg6 34. Nxg5 Rg2+ 35. Kh4 Rxh2+ 36. Nh3 Rdd2 37. Kg4 Rd4 38. Nxf4+
Kf6 39. a4 Ne5+ 40. Kg3 Rdd2 41. Nh5+ Kg5 42. Nf4 c5 43. Nh3+ Kh5 44. f4 Rdg2#
0-1

[Event "Tournoi Skype 017B"]
[Site "Skype"]
[Date "????.??.??"]
[Round "5.25"]
[White "Bhandari, Dattatrey"]
[Black "Farthouat, Catherine"]
[Result "1-0"]
[WhiteElo "1134"]
[BlackElo "1197"]
[PlyCount "52"]

1. d4 Nf6 2. c4 e6 3. a3 Be7 4. Nc3 Nc6 5. Nf3 d6 6. e4 h6 7. d5 Ne5 8. Nxe5
dxe5 9. Be2 O-O 10. b4 a6 11. Bb2 c6 12. Bf3 Bd7 13. O-O Rc8 14. d6 Bxd6 15.
Qxd6 b6 16. Na4 c5 17. Qxe5 cxb4 18. axb4 Rxc4 19. Nc3 Rxb4 20. Ba3 Rc4 21.
Bxf8 Qxf8 22. Rxa6 Qd8 23. Rd1 Qc8 24. Rda1 Rxc3 25. Ra8 Qxa8 26. Rxa8+ Kh7 1-0